000 00425 a2200145 4500
005 20250417172356.0
020 _a0-256-20916-2
082 _a657.48 LAR
100 _aLARSON, K. D.
245 _aEssentials of Financial Accounting: Information for Business Decisions.
250 _a7th Ed
260 _aNew York,
_bIrwin McGraw- Hill,
_c1997.
300 _aXxii, 744p.: ill.; figure& picture
_bIndex
_c27cm.
942 _2ddc
_cBKS
999 _c1578
_d1578